000 00758nam a22002177a 4500
005 20161110114210.0
010 _aENG-116502
020 _a9789350980408
_c850.00
035 _aEN-100034
037 _bDBAD/PUB
082 _a337.54
245 _aIndia's economic growth :
_cedited by Mallika Joseph [and] Happymon Jacob
_bInstituteions,strategic culture and security policies /
260 _aNew Delhi
_bManohar Publisher & Distributors
_c2014
270 _a4753/23 Ansari Road,Daryaganj
_bNew Delhi
_e110002
300 _a354p.
_c22cm (Hb)
490 _aAustralia India Institute Foreign Policy Series-5
500 _aIncludes index
700 _a Joseph, Mallika
700 _a Happymon, Jacob
942 _2ddc
_cEN
_h377.54
_mIND
999 _c104567
_d104567